Critical and Analytical Thinking (Record no. 13184)

MARC details
000 -LEADER
fixed length control field 00390nam a22001697a 4500
003 - CONTROL NUMBER IDENTIFIER
control field OSt
008 - FIXED-LENGTH DATA ELEMENTS--GENERAL INFORMATION
fixed length control field 250331b |||||||| |||| 00| 0 eng d
020 ## - INTERNATIONAL STANDARD BOOK NUMBER
International Standard Book Number 9789360532192
082 ## - DEWEY DECIMAL CLASSIFICATION NUMBER
Classification number 658.4038 PRC
100 ## - MAIN ENTRY--PERSONAL NAME
Personal name PRASAD,AS
245 ## - TITLE STATEMENT
Title Critical and Analytical Thinking
250 ## - EDITION STATEMENT
Edition statement -
260 ## - PUBLICATION, DISTRIBUTION, ETC. (IMPRINT)
Place of publication, distribution, etc Utter Pradesh
Name of publisher, distributor, etc Cengage
300 ## - PHYSICAL DESCRIPTION
Extent 360
700 ## - ADDED ENTRY--PERSONAL NAME
Personal name AGARWAL,Shilja
942 ## - ADDED ENTRY ELEMENTS (KOHA)
Source of classification or shelving scheme Dewey Decimal Classification
Koha item type Text Books
Holdings
Withdrawn status Lost status Source of classification or shelving scheme Damaged status Not for loan Collection code Home library Current library Date acquired Source of acquisition Currency Cost, normal purchase price Bill Number Total Checkouts Full call number Acc. no. / Barcode Date last seen Actual Cost, discounted price Bill Date Koha item type Checked out Date last borrowed
    Dewey Decimal Classification     GENERAL PIET C-LIBRARY PIET C-LIBRARY 28/03/2025 Zaffa Books INR 550.00 ZBD0593   658.4038 PRC 38924 31/03/2025 396.00 28/03/2025 Text Books    
    Dewey Decimal Classification     GENERAL PIET C-LIBRARY PIET C-LIBRARY 28/03/2025 Zaffa Books INR 550.00 ZBD0593 1 658.4038 PRC 38925 01/04/2025 396.00 28/03/2025 Text Books 20/10/2025 01/04/2025
    Dewey Decimal Classification     Applied Sc. PIET C-LIBRARY PIET C-LIBRARY 04/04/2025 Zaffa Books INR 550.00 ZBD0009   658.4038 PRC 39007 11/04/2025 396.00 04/04/2025 Text Books    
    Dewey Decimal Classification     Applied Sc. PIET C-LIBRARY PIET C-LIBRARY 04/04/2025 Zaffa Books INR 550.00 ZBD0009   658.4038 PRC 39008 11/04/2025 396.00 04/04/2025 Text Books    

Design & Developed by: PIET Central Library
R70 Miles Stone Pattikalyana Samalkha Panipat 132102
mail ID :- [email protected], Phone No:- 0180-2569700 Ex.216